000 00633nam a22002057a 4500
005 20140801120735.0
010 _aENG-109957
020 _a9789351431480
_c625.00
035 _aEN-93490
037 _bDBAD/PUB
082 _a346.5402
100 _aKesava Rao, V.
245 _aContract - I :
_cby V. Kesava Rao
_bcases and materials /
250 _a2nd ed
260 _aGurgaon
_bLexis Nexis
_c2014
270 _a14th Floor, Bldg No.10, Tower-B, DLF Cyber City, Phase-II
_bGurgaon
_e122002
300 _axl,651p.
_c24cm(pbk)
500 _aIncludes bibliographical references
942 _2ddc
_cEN
_mKES
_h346.5402
999 _c84383
_d84383